000 00314nam a22001337a 4500
008 181016b xxu||||| |||| 00| 0 eng d
020 _a9780538754279
041 _aeng
080 _213th
_a330
100 _a52
101 _aEKO
245 _aEconomics private and public choice
_cGwartney,J.D
942 _2udc
_cBK
999 _c49864
_d49864